Géographie de Paris par lettre -Z - Statistiques

Statistiques générales
  • Ce quiz a été pris 36 fois
  • Le résultat moyen est 4 sur 10
Statistiques - réponses
Question Réponse % Correct
Écrivain des Rougon-Macquart dont le corps repose au Panthéon Zola
100%
Salle de concert mythique du parc de la Villette (19e) Zénith
69%
Le célèbre soldat de pierre du Pont de l'Alma qui sert à mesurer les crues Zouave
54%
Rue du 20e arrondissement portant le nom d'un grand fleuve africain Zambèze
51%
La zone de basse émission qui limite la circulation à Paris ZFE
49%
Place du 13e arrondissement dédiée au célèbre clown et circassien Zavatta
40%
Musée du 6e arrondissement installé dans l'ancien atelier du sculpteur Ossip... Zadkine
3%
Espace vert du 20e dédié au créateur de l'Espéranto (Square...) Zamenhof
3%
Rue du 17e arrondissement dédiée à un ancien Grand-Rabbin de France Zadoc Kahn
0%
Impasse du 18e arrondissement située près de la mairie Ziedler
0%
Aucun quiz correspondant
Distribution des résultats
% des personnes avec chaque résultat
Percentile par nombre de réponses
Votre historique - résultats
Vous n’avez pas pris ce quiz